000 00820nam a2200277 a 4500
001 000013150
003 DO-SdBNP
005 20250210100005.0
007 ta
008 091120s2012 dr 001 f spa d
020 _z9789945469950
040 _aDO-SdBNP
_bspa
_cBNPHU
_erda
082 4 _aRD863.44
_bV145t
_222
100 1 _aValdez, Diógenes,
_d1941-2014
_eautor
_4aut.
_920511
245 1 0 _aTodo por culpa de Lensky /
_cDiógenes Valdez.
264 4 _aSanto Domingo :
_bEditora Nacional,
_c©2012.
300 _a78 páginaas ;
_c23 cm.
336 _atexto
_btxt
_2rdacontent
337 _asin mediación
_bn
_2rdamedia
338 _avolumen
_bnc
_2rdacarrier
590 _aInventariado, 2022 / DG
650 4 _aNovela dominicana
_9223
650 4 _aLiteratura dominicana.
_967
910 _aDG
942 _2ddc
_cLBS1
999 _c52787
_d52787